Letní šílenství /

Hrdinky románu Louisa, Danny a Sarah jsou nerozlučné přítelkyně. Když skončí jejich spolupráce na úspěšném seriálu, rozhodnou se strávit několik měsíců v jižní Francii ve víru

Hlavní autor: Lewis, Susan, 1956-
Další autoři: Lexová, Věnceslava
Jazyk: Čeština
Vydáno: Praha : Ikar, 1996
Vydání: Vyd. 1.
Témata:
Externí odkaz: Digitalizovaný dokument
Fyzický popis: 311 s. ; 23 cm
Knihy
Uloženo v:
LEADER 01708nam a2200361 a 4500
001 000072149
003 CZ BrMZK
005 20160914135334.0
007 ta
008 010907s1996 xr g f cze d
015 |a cnb000114002 
020 |a 80-85944-66-9 
040 |a BOA001  |b cze 
072 7 |a 821.111-3  |x Anglická próza, anglicky psaná  |2 Konspekt  |9 25 
080 |a 821.111-31  |2 MRF 
080 |a (0:82-31)  |2 MRF 
100 1 |a Lewis, Susan,  |d 1956-  |7 jn20000603742  |4 aut 
245 1 0 |a Letní šílenství /  |c Susan Lewisová ; [z angličtiny přeložila Věnceslava Nádvorníková] 
250 |a Vyd. 1. 
260 |a Praha :  |b Ikar,  |c 1996 
300 |a 311 s. ;  |c 23 cm 
520 |a Hrdinky románu Louisa, Danny a Sarah jsou nerozlučné přítelkyně. Když skončí jejich spolupráce na úspěšném seriálu, rozhodnou se strávit několik měsíců v jižní Francii ve víru 
520 |a společenského života, aby zapomněly na svá osobní trápení. Zapletou se však bez svého vlastního přičinění do děsivého dramatu, které nemohou nijak ovlivnit... 
500 |a Dostupné též v digitální podobě v aplikaci Kramerius 
655 7 |a anglické romány  |7 fd131814  |2 czenas 
700 1 |a Lexová, Věnceslava  |7 jk01072003  |4 trl 
765 0 |t Summer madness 
856 4 1 |u http://www.digitalniknihovna.cz/mzk/uuid/uuid:eca0e880-7b05-11e6-bb23-005056827e51  |y Digitalizovaný dokument  |x NDK 
910 |a BOA001  |b 2-1021.308 
990 |a BK 
991 |f B-LEW 
996 7 |b 2610037432  |c 2-1021.308  |l MZK  |r Sklad / do 1 hodiny  |n 11  |p kup  |w 000072149  |u 000010  |a 1  |e BOA001  |j MZK50  |s A 
996 6 |b 2610038326  |c 2-1021.308  |l MZK  |r Sklad / do 1 hodiny  |n 0  |p p.v.  |w 000072149  |u 000020  |a 1  |e BOA001  |j MZK50  |s P